Préfectures et sous-préfectures françaises aléatoires - Statistiques

Statistiques générales
  • Ce quiz a été pris 3 258 fois
  • Le résultat moyen est 14 sur 20
Réponses sur la Carte
Les réponses sont colorées sur une échelle allant du rouge au vert en fonction du pourcentage des utilisateurs qui les ont devinées à leur premier essai. Vous pouvez retrouver ces pourcentages ci-dessous.
 
Statistiques - réponses
Code Arrondissement % Correct
Corse du Sud Ajaccio
100%
Gers Auch
100%
Yonne Auxerre
100%
Haute Corse Bastia
100%
Oise Beauvais
100%
Doubs Besançon
100%
Nord Dunkerque
100%
Vendée La Roche-sur-Yon
100%
Paris Paris
100%
Pyrénées Orientales Perpignan
100%
Aveyron Rodez
100%
Côtes d'Armor Saint-Brieuc
100%
Ille et Vilaine Saint-Malo
100%
Bas Rhin Strasbourg
100%
Moselle Thionville
100%
Morbihan Lorient
95%
Gard Nîmes
95%
Pyrénées Atlantiques Pau
95%
Pyrénées Atlantiques Bayonne
94%
Ille et Vilaine Fougères
94%
Landes Mont-de-Marsan
94%
Seine Maritime Rouen
94%
La Réunion Saint-Denis
94%
Indre Châteauroux
93%
Ariège Foix
93%
Hautes Alpes Gap
93%
Hérault Montpellier
93%
Hauts de Seine Nanterre
93%
Ille et Vilaine Rennes
93%
Manche Saint-Lô
93%
Haute Garonne Toulouse
93%
Côte d'Or Beaune
92%
Pas de Calais Calais
92%
Aude Carcassonne
92%
Tarn et Garonne Montauban
92%
La Réunion Saint-Pierre
92%
Corse du Sud Sartène
92%
Haute Savoie Annecy
91%
Finistère Morlaix
91%
Loire Atlantique Nantes
91%
Pyrénées Atlantiques Oloron-Sainte-Marie
91%
Loiret Orléans
91%
Gard Alès
90%
Eure Évreux
90%
Jura Lons-le-Saunier
90%
Deux Sèvres Niort
90%
Somme Amiens
89%
Maine et Loire Angers
89%
Belfort Belfort
89%
Cher Bourges
89%
Mayenne Mayenne
89%
Pyrénées Orientales Céret
88%
Manche Cherbourg-en-Cotentin
88%
Vosges Épinal
88%
Essonne Étampes
88%
Isère Grenoble
88%
Aisne Laon
88%
Vendée Les Sables-d’Olonne
88%
Allier Moulins
88%
Nièvre Nevers
88%
Finistère Quimper
88%
Gironde Blaye
87%
Puy de Dôme Clermont-Ferrand
87%
Val de Marne Créteil
87%
Loire Atlantique Saint-Nazaire
87%
Morbihan Vannes
87%
Bouches du Rhône Aix-en-Provence
86%
Calvados Bayeux
86%
Finistère Brest
86%
Calvados Caen
86%
Landes Dax
86%
Seine Maritime Le Havre
86%
Sarthe Le Mans
86%
Meurthe et Moselle Nancy
86%
Hautes Pyrénées Tarbes
86%
Marne Châlons-en-Champagne
85%
Ardennes Charleville-Mézières
85%
Côte d'Or Dijon
85%
Seine Saint Denis Bobigny
84%
Alpes Maritimes Nice
84%
Loir et Cher Blois
83%
Lozère Florac
83%
Creuse Guéret
83%
Pas de Calais Lens
83%
Nord Lille
83%
Lozère Mende
83%
Loiret Pithiviers
83%
Oise Senlis
83%
Tarn Albi
82%
Pas de Calais Arras
82%
Hautes Alpes Briançon
82%
Eure et Loir Chartres
82%
Haute Garonne Muret
82%
Aude Narbonne
82%
Ariège Pamiers
82%
Dordogne Périgueux
82%
Indre et Loire Tours
82%
Manche Avranches
81%
Savoie Chambéry
81%
Côtes d'Armor Dinan
81%
Charente Maritime Rochefort
81%
Charente Angoulême
80%
Dordogne Bergerac
80%
Gironde Bordeaux
80%
Gers Condom
80%
Haute Corse Corte
80%
Moselle Forbach
80%
Puy de Dôme Issoire
80%
Saône et Loire Mâcon
80%
Seine et Marne Provins
80%
Seine Saint Denis Saint-Denis
80%
Aisne Saint-Quentin
80%
Var Toulon
80%
Corrèze Ussel
80%
Drôme Valence
80%
Haute Saône Vesoul
80%
Calvados Vire
80%
Somme Abbeville
79%
Pas de Calais Boulogne-sur-Mer
79%
Val d'Oise Cergy-Pontoise
79%
Manche Coutances
79%
Haute Vienne Limoges
79%
Calvados Lisieux
79%
Somme Péronne
79%
Cher Vierzon
79%
Vaucluse Carpentras
78%
Charente Cognac
78%
Côtes d'Armor Guingamp
78%
Mayenne Laval
78%
Meurthe et Moselle Lunéville
78%
Aveyron Millau
78%
Ardèche Privas
78%
Aisne Soissons
78%
Meurthe et Moselle Toul
78%
Orne Alençon
77%
Haute Marne Chaumont
77%
Deux Sèvres Parthenay
77%
Morbihan Pontivy
77%
Cantal Aurillac
76%
Hérault Béziers
76%
Bouches du Rhône Marseille
76%
Loire Saint-Étienne
76%
Haute Savoie Thonon-les-Bains
76%
Hauts de Seine Boulogne-Billancourt
75%
Seine Maritime Dieppe
75%
Charente Maritime Jonzac
75%
Sarthe La Flèche
75%
Ardèche Largentière
75%
Seine et Marne Melun
75%
Doubs Montbéliard
75%
Haut Rhin Mulhouse
75%
Drôme Nyons
75%
Ille et Vilaine Redon
75%
Marne Reims
75%
La Réunion Saint-Benoît
75%
Essonne Évry-Courcouronnes
74%
Yvelines Rambouillet
74%
Ardennes Rethel
74%
Vaucluse Avignon
73%
Indre et Loire Chinon
73%
Jura Dole
73%
Charente Maritime La Rochelle
73%
Hérault Lodève
73%
Charente Maritime Saint-Jean-d’Angély
73%
Pas de Calais Saint-Omer
73%
Dordogne Sarlat-la-Canéda
73%
Hautes Pyrénées Bagnères-de-Bigorre
71%
Haute Loire Brioude
71%
Finistère Châteaulin
71%
Haut Rhin Colmar
71%
Nord Douai
71%
Lot Figeac
71%
Indre Issoudun
71%
Haute Loire Le Puy-en-Velay
71%
Moselle Metz
71%
Guadeloupe Pointe-à-Pitre
71%
Loire Roanne
71%
Savoie Saint-Jean-de-Maurienne
71%
Ardèche Tournon-sur-Rhône
71%
Allier Vichy
71%
Aveyron Villefranche-de-Rouergue
71%
Indre La Châtre
70%
Indre et Loire Loches
70%
Ain Nantua
70%
La Réunion Saint-Paul
70%
Maine et Loire Segré
70%
Creuse Aubusson
69%
Ain Belley
69%
Alpes de Haute Provence Digne-les-Bains
69%
Indre Le Blanc
69%
Gironde Libourne
69%
Sarthe Mamers
69%
Eure et Loir Nogent-le-Rotrou
69%
Rhône Villefranche-sur-Saône
69%
Mayotte Mamoudzou
68%
Savoie Albertville
67%
Hauts de Seine Antony
67%
Vaucluse Apt
67%
Guadeloupe Basse-Terre
67%
Haute Corse Calvi
67%
Tarn Castres
67%
Guyane Cayenne
67%
Oise Clermont
67%
Eure et Loir Dreux
67%
Alpes de Haute Provence Forcalquier
67%
Alpes Maritimes Grasse
67%
Seine Saint Denis Le Raincy
67%
Gironde Lesparre-Médoc
67%
Rhône Lyon
67%
Lot et Garonne Marmande
67%
Somme Montdidier
67%
Essonne Palaiseau
67%
Doubs Pontarlier
67%
Puy de Dôme Riom
67%
Haute Vienne Rochechouart
67%
Jura Saint-Claude
67%
Yvelines Versailles
67%
Oise Compiègne
65%
Vendée Fontenay-le-Comte
65%
Bas Rhin Haguenau
65%
Ardennes Sedan
65%
Yonne Sens
65%
Seine et Marne Torcy
65%
Loire Atlantique Châteaubriant
64%
Maine et Loire Cholet
64%
Côtes d'Armor Lannion
64%
Haute Marne Saint-Dizier
64%
Guyane Saint-Georges
64%
Haut Rhin Thann
64%
Haute Loire Yssingeaux
64%
Nord Avesnes-sur-Helpe
63%
Martinique La Trinité
63%
Gard Le Vigan
63%
Gers Mirande
63%
Maine et Loire Saumur
63%
Puy de Dôme Thiers
63%
Meuse Verdun
63%
Lot et Garonne Agen
62%
Bouches du Rhône Arles
62%
Ain Gex
62%
Eure Les Andelys
62%
Loire Montbrison
62%
Loir et Cher Romorantin-Lanthenay
62%
Cher Saint-Amand-Montrond
62%
Corrèze Tulle
62%
Ardennes Vouziers
62%
Haute Savoie Bonneville
61%
Charente Maritime Saintes
61%
Hautes Pyrénées Argelès-Gazost
60%
Meuse Bar-le-Duc
60%
Ain Bourg-en-Bresse
60%
Lot Cahors
60%
Aisne Château-Thierry
60%
Haute Saône Lure
60%
Yvelines Mantes-la-Jolie
60%
Vienne Poitiers
60%
Moselle Sarrebourg
60%
Nord Valenciennes
60%
Eure et Loir Châteaudun
59%
Marne Épernay
59%
Alpes de Haute Provence Barcelonnette
58%
Corrèze Brive-la-Gaillarde
58%
Saône et Loire Charolles
58%
Isère La Tour-du-Pin
58%
Cantal Mauriac
58%
Moselle Sarreguemines
58%
Deux Sèvres Bressuire
57%
Seine et Marne Meaux
57%
Pas de Calais Montreuil
57%
Orne Mortagne-au-Perche
57%
Vosges Saint-Dié-des-Vosges
57%
Cantal Saint-Flour
57%
Guyane Saint-Laurent-du-Maroni
57%
Aube Troyes
57%
Val d'Oise Argenteuil
56%
Haute Savoie Saint-Julien-en-Genevois
56%
Haute Vienne Bellac
55%
Alpes de Haute Provence Castellane
54%
Meuse Commercy
54%
Martinique Le Marin
54%
Haut Rhin Altkirch
53%
Saône et Loire Autun
53%
Haute Marne Langres
53%
Aude Limoux
53%
Gironde Arcachon
50%
Pas de Calais Béthune
50%
Var Brignoles
50%
Var Draguignan
50%
Lot Gourdon
50%
Loiret Montargis
50%
Val de Marne Nogent-sur-Marne
50%
Dordogne Nontron
50%
Haute Garonne Saint-Gaudens
50%
Aisne Vervins
50%
Yonne Avallon
47%
Bas Rhin Molsheim
47%
Val d'Oise Sarcelles
47%
Val de Marne L’Haÿ-les-Roses
46%
Allier Montluçon
46%
Martinique Saint-Pierre
46%
Loir et Cher Vendôme
46%
Nièvre Clamecy
45%
Marne Vitry-le-François
45%
Orne Argentan
44%
Nord Cambrai
44%
Bas Rhin Saverne
44%
Bas Rhin Sélestat
44%
Puy de Dôme Ambert
43%
Seine et Marne Fontainebleau
43%
Vienne Montmorillon
43%
Drôme Die
42%
Côte d'Or Montbard
42%
Vosges Neufchâteau
42%
Ariège Saint-Girons
42%
Lot et Garonne Nérac
41%
Eure Bernay
38%
Saône et Loire Chalon-sur-Saône
38%
Mayenne Château-Gontier
38%
Vienne Châtellerault
38%
Nièvre Cosne-Cours-sur-Loire
38%
Tarn et Garonne Castelsarrasin
36%
Bouches du Rhône Istres
36%
Meurthe et Moselle Val de Briey
36%
Gironde Langon
33%
Saône et Loire Louhans
33%
Pyrénées Orientales Prades
33%
Isère Vienne
33%
Lot et Garonne Villeneuve-sur-Lot
33%
Aube Bar-sur-Aube
31%
Charente Confolens
27%
Martinique Fort-de-France
27%
Nièvre Château-Chinon
25%
Yvelines Saint-Germain-en-Laye
25%
Aube Nogent-sur-Seine
21%
Aucun quiz correspondant
Distribution des résultats
% des personnes avec chaque résultat
Percentile par nombre de réponses
Votre historique - résultats
Vous n’avez pas pris ce quiz